000 00611nam a2200229Ia 4500
003 OSt
005 20221007101833.0
006 a|||||r|||| 00| 0
007 ta
008 221006b |||||||| |||| 00| 0 eng d
024 _a8,264
037 _cTextual
040 _aLCO
_cLCO
_beng
041 _2eng
_aeng
082 _aZm2,N78, L8
245 0 _aYEARLY DIGEST OF Indian & Select English Case, 1978
260 _aMadras
_bM.L.J.
_c1978
300 _a2399
650 _aDIGEST OF INDIAN & SELECT ENGLISH CASE
_9703827
942 _hZm2,N78, L8
_cTEXL
999 _c1177827
_d1177827